| 000 | 00888nam a22002897a 4500 | ||
|---|---|---|---|
| 003 | OSt | ||
| 005 | 20230315030534.0 | ||
| 008 | 160504b xxu||||| |||| 00| 0 eng d | ||
| 010 | _a 75022023 | ||
| 020 | _a0397541708 | ||
| 040 |
_aMMU _cMMU _dMMU _beng |
||
| 050 | 0 | 0 |
_aR895 _b.J4 1976 |
| 060 | _aQT34 J54i | ||
| 082 | 0 | 0 | _a530/.02/461 |
| 100 | 1 |
_aJensen, J. Trygve _q(Jens Trygve) |
|
| 245 | 1 | 0 |
_aPhysics for the health professions / _cJ. Trygve Jensen. |
| 250 | _a2d ed. | ||
| 260 |
_aPhiladelphia : _bLippincott, _cc1976. |
||
| 300 |
_a249 p. : _bill. ; _c23 cm. |
||
| 500 | _aFirst ed. published in 1960 under title: Introduction to medical physics. | ||
| 500 | _aIncludes index. | ||
| 504 | _aBibliography: p. 231-234. | ||
| 650 | 0 | _aMedical physics. | |
| 650 | 2 | _aBiophysics. | |
| 906 |
_a7 _bcbc _corignew _d1 _eocip _f19 _gy-gencatlg |
||
| 942 |
_2lcc _cLOAN LOAN _e2nd ed. |
||
| 999 |
_c17166 _d17166 |
||